Cases in management and organizational behavior / (Record no. 3394)

MARC details
000 -LEADER
fixed length control field 01687cam a2200157 a 4500
020 ## - INTERNATIONAL STANDARD BOOK NUMBER
ISBN 0130894648 (v. 2)
050 #4 - CALL NUMBER
Classification number HD58.7
Item number .T646
100 1# - AUTHOR
Personal name Tompkins, Teri C.
245 10 - TITLE
Title Cases in management and organizational behavior /
Statement of responsibility, etc Teri C. Tompkins.
260 ## - PUBLICATION INFORMATION
Place of publication Upper Saddle River, N.J. :
Name of publisher Prentice Hall,
Year of publication 2001-
300 ## - DESCRIPTION
Number of Pages v. :
Other physical details ill. ;
Dimensions 28 cm.
505 ## - FORMATTED CONTENTS NOTE
Table of Content CASES. 1. A Selfish Request in Japan, Tobias M. Lee. <br/>Case 2. Angry Branch Manager, Joe Underwood. <br/>Case 3. Cafe Latte, LLC, Kim Hui. <br/>Case 4. Changing Quotas, Susan Steele. <br/>Case 5. Computer Services Team at AVIONICS, Teri C. Tompkins. <br/>Case 6. Cost and Schedule Team at AVIONICS, Teri C. Tompkins. <br/>Case 7. Groupware Fiasco, Diane Fiero and Jonnetta Thomas-Chambers. <br/>Case 8. Incident on the USS Whitney, Jeff Balesh. <br/>Case 9. Insubordination or Unclear Loyalties?, Asbjorn Osland and Shannon Shoul. <br/>Case 10. Leading TQM in Panama, Asbjorn Osland. <br/>Case 11. Negotiating Work Hours, Loren Falkenberg and D. Ronald Franklin. <br/>Case 12. Preferential Treatment?, Brian Park. <br/>Case 13. Reputation in Jeopardy, Amber Borden. <br/>Case 14. Richard Prichard and the Federal Triad Programs, Earle Hall. <br/>Case 15. Saving Private Ryan Video <br/>Case: Classic Leadership Models, James C. Spee. <br/>Case 16. The Safety Memo, Gordon Baldwin. <br/>Case 17. The Volunteer, Louise A. Palermo. <br/>Case 18. Then There Was One, Susan Pippert. <br/>Case 19. Unprofessional Conduct, Andre Hamilton. <br/>Case 20. Violence at the United States Postal Service: The Killing of James Whooper by Bruce Clark, Dianne R. Layden. <br/>Case 21. When Worlds Collide, Russell Aebig.
650 #0 - SUBJECTS
Topical Term Organizational behavior
650 #0 - SUBJECTS
Topical Term Management
942 ## - ADDED ENTRY ELEMENTS (KOHA)
Koha item type Books
Holdings
Withdrawn status Lost status Collection code Home library Current library Shelving location Date acquired Full call number Accession Number Koha item type
    Reference Methodist University Library Main Methodist University Library Main General Stacks   HD58.7 .T646 39896 Books
Copyright © 2026  MUG Library